Medicina interna vol.1 Farreras . Rozman

Guardado en:
Detalles Bibliográficos
Autor principal: Farreras, P
Formato: Libros domicilio, Libros Sala
Lenguaje:Español
Publicado: Elsevier
Edición:20a. edición
Materias:
LEADER 01116nam#a2200397#c#4500
001 UMA-000277
003 UMA
008 260415suuuu#### ##########||||#0#spa#d
005 20260415 173241
020 # # |a 9788413827438 
041 0 # |a spa 
044 # # |a sp 
082 0 4 |a SEDE VALLE DE UCO 616 FAR v.1 
100 1 # |a Farreras, P  |e Autor 
245 0 0 |a Medicina interna vol.1  |b Farreras . Rozman  |c P. Farreras 
250 # # |a 20a. edición 
264 # 0 |a Barcelona, España  |b Elsevier  |c 2024 
300 # # |a XLII, 4374 páginas  |b gráficos, fotografías, color  |c 21 x 28 cm 
336 # # |a texto  |b txt  |2 rdacontent 
337 # # |a no mediado  |b n  |2 rdamedia 
338 # # |a volumen  |b nc  |2 rdacarrier 
650 # 0 |a Medicina 
650 # 0 |a Medicina interna 
650 # 0 |a Genética 
650 # 0 |a Dermatología 
650 # 0 |a Neoplasmas malignos 
650 # 0 |a Geriatría 
650 # 0 |a Envejecimiento 
650 # 0 |a Enfermedades del aparato digestivo 
650 # 0 |a Cardiología 
650 # 0 |a Gastroenterología 
650 # 0 |a Neurología 
650 # 0 |a Reumatología 
650 # 0 |a Oncología 
650 # 0 |a Cáncer 
650 # 0 |a Sede Valle de Uco